| 000 | 00647nam a2200241Ia 4500 | ||
|---|---|---|---|
| 005 | 20260121112845.0 | ||
| 008 | 9347 260114s9999 xx 000 0 eng d | ||
| 020 | _a9789812567529 | ||
| 037 | _aEBOOK | ||
| 040 |
_aCRL _beng _cCRL |
||
| 041 |
_aeng _2eng |
||
| 084 | _qCRL | ||
| 100 |
_aYeo Lay Hwee Et Al _9964317 |
||
| 245 | 0 | _aAsia and Europe: Essays and Speeches by Tommy Koh | |
| 260 | _bWorld Scientific | ||
| 260 | _bWSPC | ||
| 260 | _c2000 | ||
| 650 |
_aAsian Studies _9964318 |
||
| 856 | _uhttps://www.worldscientific.com/worldscibooks/10.1142/4516#t=toc | ||
| 942 | _cEBOOK | ||
| 999 |
_c1546647 _d1546647 |
||